000 00637nam a2200229Ia 4500
005 20260115173612.0
008 008 260114s9999 xx 000 0 eng d
020 _a9781580466622
037 _aEBOOK
040 _aCRL
_beng
_cCRL
041 _aeng
_2eng
084 _qCRL
100 _aGenova et al
_9888748
245 0 _aYorùbá Identity and Power Politics
260 _bBoydell & Brewer
260 _bCambridge University Press
260 _c2006
650 _aHistory
_9888749
856 _uhttps://www.cambridge.org/core/product/identifier/9781580466622/type/BOOK
942 _cEBOOK
999 _c1486075
_d1486075